Controllers of Canada Throughout History - Statistics

General Stats
  • This quiz has been taken 76 times
    63 since last reset
  • The average score is 6 of 7
Answer Stats
Time Period Answer % Correct
1608-1763 France
100%
1800-1803 France
100%
1867- Canada
98%
1707-1949 United Kingdom
96%
1803-1818 United States
88%
1763-1800 Spain
70%
1668-1707 England
46%
No matching quizzes found
Score Distribution
Percent of People with Each Score
Percentile by Number Answered
Your Score History
You have not taken this quiz since the last reset